LDR 00598naa#a2200169#i#450# 001 EN\\bibl\121790 005 20260429205312.3 011 ## _a2072-9502 100 ## _a20260427b2026####ek#y0engy0150####ca 102 ## _aRU 200 1# _aThe procedure of comprehensive security assessment of oil and gas sector facilities _eJournal article 210 1# _aAstrakhan _cAstrakhan State Technical University _d2026 215 ## _a8 с. 608 ## _aJournal article _2local 675 ## _aБезопасность, защищённость данных. 004.056 _z 700 #1 _aBurkin _gVsevolod Alekseevich 856 4# _avestnik.astu.org _u